Suomenkieliset sanoitukset, Juha Vainio - Vanhoja poikia viiksekkäitä - Statistics

Yleistilastot
  • Tätä visaa on pelattu 990 kertaa
  • Keskiarvotulos 24 / 32
Vastaustilastot
Sanoitus % Oikein
Saimaan saaressa {pikkuinen} torppa,
97%
Tanssittu koskaan ei {Nestorin} häitä,
96%
Tanssittu koskaan ei {Nestorin} häitä,
96%
Vanhoja {poikia} viiksekkäitä
96%
Vanhoja {poikia} viiksekkäitä
96%
mies sekä hylje {kumpikin} on.
94%
mies sekä hylje {kumpikin} on.
94%
Huuliharppuaan {soittaa}, ja norppa
93%
{istuu} portailla Nestori Miikkulainen.
93%
Saimaan saaressa pikkuinen {torppa},
92%
{maailma} houkutti pois morsion.
87%
{maailma} houkutti pois morsion.
87%
Saimaan {saaressa} pikkuinen torppa,
87%
istuu {portailla} Nestori Miikkulainen.
85%
nousee {pinnalle} pärskähtäen.
84%
{Yksin} Nestori jäi kuten norppa,
77%
kohta jäljellä ei ehkä {ainuttakaan}.
76%
hyvin {hylje} sen ymmärtää.
75%
myös sen kumppanin kohtalo {vei}.
75%
Laulu {kertoo} näin mitä on yksin kun jää,
74%
sille {tuttua tutumpi} on sävel tuo.
70%
Huuliharppua soittelee {Miikkulainen},
67%
Aallon alla se {suunnisti} soittajan luo
65%
olla {sukunsa} viimeinen.
64%
sinne elämän toveri {tahtonut} ei.
60%
Suuri Saimaa mut {sata} on hylkeitä vaan,
57%
yksi ymmärtää {kaipuun} sen.
54%
Suuri Saimaa mut {naista} sen rannoilta vaan
49%
{katsoo} ystävää ymmärtäen.
48%
ei näin {tuuliseen} saareen saa asettumaan.
43%
{Kuten} norpan, on määrä myös Miikkulaisen
41%
{Lepo}kivellään iäkäs norppa
37%
Ehtoja vastaavia visoja ei löytynyt
Tulosjakauma
Jokaisen tuloksen saaneiden osuus
Persentiili vastausten määrän mukaan
Tuloshistoriasi
Et ole pelannut tätä visaa